[Event "International Championship of Central Serbia 2015 - OPEN A"]
[Site "Paracin, hotel Petrus"]
[Date "2015.07.09"]
[Round "8.25"]
[White "Martynov, Pavel"]
[Black "Popovic, Aleksandar M"]
[Result "0-1"]
[WhiteElo "2385"]
[BlackElo "2246"]
[Annotator "Natasa"]
[PlyCount "52"]
[EventDate "2015.07.03"]

1. d4 Nf6 2. c4 g6 3. Nc3 Bg7 4. e4 O-O 5. Be2 c5 6. d5 e6 7. Nf3 exd5 8. cxd5
Re8 9. Nd2 d6 10. O-O Nbd7 11. a4 Ne5 12. Re1 Nfg4 13. h3 Nxf2 14. Kxf2 Qh4+
15. Kg1 Bxh3 16. Nf1 Ng4 17. Bxg4 Bxg4 18. Qd2 Bd4+ 19. Ne3 f5 20. Rf1 Rf8 21.
Rf2 Rae8 22. Nb5 Be5 23. Nf1 fxe4 24. Qe1 Rf5 25. Bg5 Qxg5 26. Rxf5 gxf5 0-1

[Event "International Championship of Central Serbia 2015 - OPEN A"]
[Site "Paracin, hotel Petrus"]
[Date "2015.07.09"]
[Round "8.26"]
[White "Djokic, Nebojsa"]
[Black "Besedes, Danilo"]
[Result "0-1"]
[WhiteElo "2224"]
[BlackElo "2307"]
[Annotator "Natasa"]
[PlyCount "72"]
[EventDate "2015.07.03"]

1. e4 c6 2. d4 d5 3. e5 c5 4. dxc5 Nc6 5. Bb5 e6 6. Be3 Nge7 7. Nf3 Bd7 8. Bxc6
Nxc6 9. O-O Qc7 10. Re1 Nxe5 11. Nxe5 Qxe5 12. Bd4 Qc7 13. b4 b6 14. cxb6 axb6
15. c3 f6 16. Qh5+ Kd8 17. Qf7 Kc8 18. Rxe6 Bxe6 19. Qxe6+ Qd7 20. Qxb6 Bd6 21.
Nd2 Re8 22. Be3 Re6 23. Qd4 Be5 24. Qd3 Rea6 25. f4 Bc7 26. Nb3 Rxa2 27. Rd1 g6
28. Nc5 Qc6 29. b5 Qd6 30. Na6 Qe6 31. Kh1 Qe4 32. Qxe4 dxe4 33. c4 Re2 34. Bd2
e3 35. Be1 Rc2 36. c5 Rb2 0-1

[Event "International Championship of Central Serbia 2015 - OPEN A"]
[Site "Paracin, hotel Petrus"]
[Date "2015.07.09"]
[Round "8.27"]
[White "Hjelmas, Lars"]
[Black "Dogan, Nazmi Can"]
[Result "0-1"]
[WhiteElo "2291"]
[BlackElo "2182"]
[PlyCount "50"]
[EventDate "2015.07.03"]

1. d4 Nf6 2. c4 g6 3. Nc3 Bg7 4. e4 d6 5. f4 c5 6. d5 O-O 7. Nf3 e6 8. Be2 exd5
9. cxd5 Nbd7 10. O-O Re8 11. Nd2 c4 12. Bxc4 Nc5 13. e5 dxe5 14. fxe5 Rxe5 15.
Nf3 Re8 16. d6 Be6 17. Bb5 Rf8 18. Ng5 Bg4 19. Qd4 Ne6 20. Qd3 Bf5 21. Rxf5
gxf5 22. Qxf5 Qxd6 23. Be3 Nxg5 24. Bxg5 Rac8 25. Bd3 Rc5 0-1

[Event "International Championship of Central Serbia 2015 - OPEN A"]
[Site "Paracin, hotel Petrus"]
[Date "2015.07.09"]
[Round "8.28"]
[White "Mikanovic, Sandro"]
[Black "Radovic, Luka"]
[Result "1/2-1/2"]
[WhiteElo "2212"]
[BlackElo "2290"]
[PlyCount "40"]
[EventDate "2015.07.03"]

1. d4 Nf6 2. Nf3 e6 3. g3 c5 4. Bg2 cxd4 5. Nxd4 a6 6. O-O Qc7 7. b3 Be7 8. c4
O-O 9. Bb2 d6 10. Nc3 Nc6 11. Rc1 Nxd4 12. Qxd4 Rb8 13. Rfd1 b6 14. Ne4 Rd8 15.
Nxf6+ Bxf6 16. Qd2 Bxb2 17. Qxb2 Bb7 18. Bxb7 Rxb7 19. Rc2 Qc6 20. Rcd2 Rbd7
1/2-1/2

[Event "International Championship of Central Serbia 2015 - OPEN A"]
[Site "Paracin, hotel Petrus"]
[Date "2015.07.09"]
[Round "8.29"]
[White "Djordjevic, Vuk"]
[Black "Kett, Tim"]
[Result "1/2-1/2"]
[WhiteElo "2287"]
[BlackElo "2219"]
[PlyCount "107"]
[EventDate "2015.07.03"]

1. d4 d5 2. c4 e5 3. dxe5 d4 4. Nf3 Nc6 5. g3 Nge7 6. Bg2 Ng6 7. Qa4 Bd7 8. Qb3
Bb4+ 9. Bd2 Bxd2+ 10. Nbxd2 O-O 11. O-O Rb8 12. Qd3 Bg4 13. Qe4 Qd7 14. Qd5
Rbd8 15. Qb5 b6 16. Rac1 Rfe8 17. Nb3 Bxf3 18. exf3 Rxe5 19. c5 Na5 20. Qxd7
Rxd7 21. Nxa5 bxa5 22. c6 Rd8 23. Rfd1 Re2 24. Rc5 d3 25. Bf1 Rxb2 26. Rxd3
Rxd3 27. Bxd3 Rxa2 28. Rb5 Ra1+ 29. Kg2 Rc1 30. Be4 Kf8 31. Rb7 f5 32. Bxf5
Rxc6 33. Rxa7 Rc5 34. Be4 Ke7 35. h4 Nf8 36. f4 h6 37. g4 Nd7 38. f5 Nb6 39. f4
Nc8 40. Ra8 Nd6 41. Bd3 Rd5 42. Be2 h5 43. g5 Nxf5 44. Bxh5 g6 45. Be2 Nxh4+
46. Kf2 Nf5 47. Rg8 Rd4 48. Kf3 Rb4 49. Kf2 Rb2 50. Ke1 a4 51. Ra8 Rb4 52. Ra6
Nd4 53. Bd3 Ne6 54. Bxg6 1/2-1/2

[Event "International Championship of Central Serbia 2015 - OPEN A"]
[Site "Paracin, hotel Petrus"]
[Date "2015.07.09"]
[Round "8.30"]
[White "Livaja, Mario"]
[Black "Gavrilescu, David"]
[Result "1/2-1/2"]
[WhiteElo "2216"]
[BlackElo "2282"]
[Annotator "Natasa"]
[PlyCount "96"]
[EventDate "2015.07.03"]

1. d4 e6 2. c4 c5 3. d5 exd5 4. cxd5 d6 5. Nc3 a6 6. Nf3 b5 7. g3 Ne7 8. Bg2
Ng6 9. O-O Be7 10. e4 h5 11. Re1 Bg4 12. Qc2 Bxf3 13. Bxf3 Nd7 14. a4 b4 15.
Nd1 Nde5 16. Bg2 h4 17. Ne3 hxg3 18. hxg3 Qd7 19. Qe2 Bg5 20. Nf5 Bxc1 21.
Rexc1 Ne7 22. f4 N5g6 23. Nxg7+ Kf8 24. Nh5 Ng8 25. Bf3 Re8 26. f5 Ne5 27. Kg2
Qe7 28. Rh1 Nf6 29. Nxf6 Qxf6 30. Rxh8+ Qxh8 31. Qxa6 Nxf3 32. Qxd6+ Kg8 33.
Kxf3 Qxb2 34. Re1 Qd2 35. Re3 b3 36. Qh6 b2 37. f6 Qd1+ 38. Re2 Qf1+ 39. Rf2
Qd3+ 40. Kg2 Qxe4+ 41. Kh2 Qg4 42. Rxb2 Re2+ 43. Rxe2 Qxe2+ 44. Kh3 Qf1+ 45.
Kg4 Qd1+ 46. Kh4 Qh1+ 47. Kg5 Qc1+ 48. Kh4 Qh1+ 1/2-1/2

[Event "International Championship of Central Serbia 2015 - OPEN A"]
[Site "Paracin, hotel Petrus"]
[Date "2015.07.09"]
[Round "8.31"]
[White "Zarkovic, Mila"]
[Black "Dezelin, Milan"]
[Result "1/2-1/2"]
[WhiteElo "2209"]
[BlackElo "2267"]
[PlyCount "40"]
[EventDate "2015.07.03"]

1. e4 c5 2. Nf3 a6 3. Nc3 b5 4. d4 cxd4 5. Nxd4 Bb7 6. Be3 g6 7. Bd3 Bg7 8. a4
b4 9. Nd5 Nf6 10. Nxf6+ Bxf6 11. Qd2 Nc6 12. c3 bxc3 13. bxc3 Ne5 14. O-O O-O
15. Rab1 Nxd3 16. Qxd3 Qc7 17. c4 Rab8 18. f3 Rfc8 19. Ne2 Bc6 20. Nc3 Bxc3
1/2-1/2

[Event "International Championship of Central Serbia 2015 - OPEN A"]
[Site "Paracin, hotel Petrus"]
[Date "2015.07.09"]
[Round "8.32"]
[White "Velikic, Adela"]
[Black "Malekian, Babak"]
[Result "1-0"]
[WhiteElo "2128"]
[BlackElo "2262"]
[Annotator "Natasa"]
[PlyCount "91"]
[EventDate "2015.07.03"]

1. e4 c5 2. Nf3 e6 3. d4 cxd4 4. Nxd4 Nf6 5. Nc3 d6 6. Be3 a6 7. f3 Be7 8. Qd2
b5 9. g4 h6 10. O-O-O Bb7 11. h4 Nfd7 12. Kb1 b4 13. Nce2 Nc6 14. Nxc6 Bxc6 15.
Nd4 Bb7 16. Qxb4 Qc7 17. Qc4 Qd8 18. Nc6 Bxc6 19. Qxc6 O-O 20. Be2 Ne5 21. Qa4
Qc7 22. g5 h5 23. f4 Nc6 24. Bxh5 Rfb8 25. a3 Qb7 26. Bc1 Na7 27. Be2 Nb5 28.
Rh3 d5 29. exd5 exd5 30. Rb3 Qc6 31. Bxb5 axb5 32. Qd4 Rd8 33. Bd2 Bc5 34. Qd3
Rab8 35. Bb4 Bb6 36. h5 d4 37. h6 Re8 38. Bd2 Bc5 39. hxg7 Kxg7 40. f5 Rh8 41.
Bf4 Rbe8 42. Qxb5 Qc8 43. f6+ Kg8 44. g6 fxg6 45. Qc4+ Kf8 46. f7 1-0

[Event "International Championship of Central Serbia 2015 - OPEN A"]
[Site "Paracin, hotel Petrus"]
[Date "2015.07.09"]
[Round "8.33"]
[White "Radeva, Viktoria"]
[Black "Rajkovic, Mladen"]
[Result "1-0"]
[WhiteElo "2042"]
[BlackElo "2259"]
[Annotator "Natasa"]
[PlyCount "84"]
[EventDate "2015.07.03"]

1. e4 c5 2. Nf3 a6 3. d4 cxd4 4. Nxd4 Nf6 5. Nc3 e5 6. Nb3 Bb4 7. Bd2 Nc6 8.
Bd3 Bxc3 9. Bxc3 d5 10. Qe2 O-O 11. O-O Re8 12. exd5 Qxd5 13. Bc4 Qe4 14. Rfe1
Qh4 15. a4 b6 16. g3 Qh3 17. Qf1 Qh5 18. f3 a5 19. Bb5 Bb7 20. Qf2 Re6 21. Rad1
Ne7 22. Be2 e4 23. Bc4 e3 24. Rxe3 Rxe3 25. Qxe3 Nf5 26. Qf4 Bxf3 27. Rf1 Bg4
28. Bxf6 gxf6 29. Bd3 Ng7 30. Qxf6 Be6 31. Nd4 Re8 32. Bb5 Rf8 33. Nxe6 Nxe6
34. Bd3 Rc8 35. Rf5 Qd1+ 36. Rf1 Qh5 37. Rf5 Qg6 38. Qxg6+ hxg6 39. Rb5 Rc6 40.
Be4 Rd6 41. Rd5 Rc6 42. b3 Kg7 1-0

[Event "International Championship of Central Serbia 2015 - OPEN A"]
[Site "Paracin, hotel Petrus"]
[Date "2015.07.09"]
[Round "8.34"]
[White "Ozalp, Burak"]
[Black "Baglan, Esat"]
[Result "1/2-1/2"]
[WhiteElo "2113"]
[BlackElo "2257"]
[PlyCount "41"]
[EventDate "2015.07.03"]

1. e4 c5 2. Nf3 d6 3. d4 cxd4 4. Nxd4 Nf6 5. Nc3 a6 6. Bg5 e6 7. Qe2 Be7 8. f4
h6 9. Bh4 Nxe4 10. Bxe7 Nxc3 11. Qc4 Kxe7 12. Qxc3 Nd7 13. Be2 Nf6 14. Bf3 Qb6
15. O-O-O Rd8 16. g4 Qc5 17. Qe3 Kf8 18. g5 hxg5 19. fxg5 Qe5 20. Qe2 Nd5 21.
h4 1/2-1/2

[Event "International Championship of Central Serbia 2015 - OPEN A"]
[Site "Paracin, hotel Petrus"]
[Date "2015.07.09"]
[Round "8.35"]
[White "Radovic, Janko"]
[Black "Stefanov, Emil"]
[Result "1/2-1/2"]
[WhiteElo "2256"]
[BlackElo "2088"]
[PlyCount "112"]
[EventDate "2015.07.03"]

1. e4 c6 2. d4 d5 3. Nd2 dxe4 4. Nxe4 Bf5 5. Ng3 Bg6 6. Nf3 Nd7 7. Bd3 e6 8.
O-O Ngf6 9. c4 Be7 10. Bxg6 hxg6 11. Qe2 O-O 12. Bg5 Re8 13. Rfd1 Qc7 14. Rd2
Rad8 15. Rad1 a5 16. h4 Bd6 17. Ne5 Bb4 18. Nxd7 Rxd7 19. Bxf6 gxf6 20. Ne4 Kg7
21. Rd3 f5 22. Ng5 Be7 23. Nf3 Bf6 24. Ne5 Bxe5 25. Qxe5+ Qxe5 26. dxe5 Rxd3
27. Rxd3 Kf8 28. Rd7 Re7 29. Rd8+ Re8 30. Rd7 Re7 31. Rd8+ Re8 32. Rxe8+ Kxe8
33. Kh2 f6 34. exf6 Kf7 35. f3 Kxf6 36. g4 e5 37. c5 Kg7 38. Kg3 Kf6 39. Kf2
Kg7 40. Ke3 Kf6 41. Kd3 Kg7 42. Ke2 Kf6 43. Kf2 Kg7 44. Kg3 Kf6 45. Kh3 Ke6 46.
h5 Kf7 47. h6 Kf6 48. h7 Kg7 49. gxf5 gxf5 50. Kh4 Kxh7 51. Kg5 e4 52. fxe4
fxe4 53. Kf4 Kg7 54. Kxe4 Kf6 55. Kd4 Ke6 56. Kc4 Ke5 1/2-1/2

[Event "International Championship of Central Serbia 2015 - OPEN A"]
[Site "Paracin, hotel Petrus"]
[Date "2015.07.09"]
[Round "8.36"]
[White "Todorovic, Bojan"]
[Black "Furman, Boris"]
[Result "1-0"]
[WhiteElo "2361"]
[BlackElo "2239"]
[PlyCount "137"]
[EventDate "2015.07.03"]

1. c4 e6 2. Nc3 d5 3. d4 Nf6 4. cxd5 exd5 5. Bg5 Bb4 6. e3 h6 7. Bxf6 Qxf6 8.
Nf3 O-O 9. Qb3 c5 10. dxc5 Bxc3+ 11. bxc3 Be6 12. Nd4 Nd7 13. Be2 Nxc5 14. Qb4
Rac8 15. O-O Ne4 16. Qxb7 Nxc3 17. Bf3 Qe5 18. Qa6 Rc7 19. Rac1 Rfc8 20. Rc2
Ne4 21. Rxc7 Rxc7 22. Qa5 Nc3 23. Rc1 Nb5 24. Rxc7 Nxc7 25. Qxa7 Nb5 26. Qb6
Nxd4 27. Qxd4 Qb8 28. Qa1 Qb4 29. g3 Qa3 30. Kg2 Kf8 31. Qb1 g5 32. Qh7 g4 33.
Qxh6+ Ke8 34. Qh8+ Kd7 35. Bd1 Qxa2 36. Qd4 Qc4 37. Qb2 Bf5 38. Kg1 Kc6 39. Be2
Qa4 40. Qf6+ Be6 41. Bf1 Qd1 42. Qc3+ Kd6 43. Qb4+ Kc6 44. Qb5+ Kd6 45. Qb6+
Kd7 46. Qd4 Qb1 47. Kg2 Qe4+ 48. Qxe4 dxe4 49. h4 gxh3+ 50. Kh2 f5 51. Kxh3 Kd6
52. Kh4 Ke5 53. Kg5 Bc8 54. Bb5 Be6 55. Kg6 Bc8 56. Kf7 Be6+ 57. Ke7 Bb3 58.
Bd7 Bc4 59. Be8 Bb3 60. Bf7 Bd1 61. Be6 Bh5 62. Bd7 Bd1 63. Kf7 Bg4 64. Kg6 Bh3
65. Bb5 Bg2 66. Kg5 Bh3 67. Be2 Bg2 68. Kh4 Kf6 69. g4 1-0

[Event "International Championship of Central Serbia 2015 - OPEN A"]
[Site "Paracin, hotel Petrus"]
[Date "2015.07.09"]
[Round "8.37"]
[White "Milenkovic, Mladen"]
[Black "Henriksen, Geir"]
[Result "1-0"]
[WhiteElo "2344"]
[BlackElo "2192"]
[PlyCount "101"]
[EventDate "2015.07.03"]

1. e4 c5 2. Nf3 Nc6 3. d4 cxd4 4. Nxd4 e6 5. Nc3 Qc7 6. Be3 a6 7. Qd2 Nf6 8.
O-O-O Be7 9. f4 b5 10. e5 b4 11. Na4 Nd5 12. Bc4 Nxe3 13. Qxe3 Bb7 14. Bb3 Na5
15. Rd2 Nxb3+ 16. Nxb3 Bc6 17. Nb6 Rb8 18. Nc4 O-O 19. Nd6 f5 20. Rhd1 Bd5 21.
Qc5 Bxd6 22. exd6 Qb7 23. Kb1 Rfc8 24. Qe3 a5 25. Nd4 Be4 26. Qb3 Bd5 27. Qa4
Rc5 28. h3 Rbc8 29. g4 Be4 30. gxf5 exf5 31. Rc1 Kf8 32. h4 Rd5 33. Rcd1 Rcc5
34. Qb3 Rxd6 35. Qe3 Rcd5 36. Ka1 Kf7 37. h5 a4 38. Rg1 Qb8 39. Qg3 Qf8 40. Qe3
Kg8 41. c3 Qf6 42. Rgd1 Kf7 43. c4 Rc5 44. Nf3 Rxd2 45. Rxd2 Rxc4 46. Ne5+ Qxe5
47. Rxd7+ Ke6 48. fxe5 Kxd7 49. b3 axb3 50. axb3 Rc3 51. Qd4+ 1-0

[Event "International Championship of Central Serbia 2015 - OPEN A"]
[Site "Paracin, hotel Petrus"]
[Date "2015.07.09"]
[Round "8.38"]
[White "Johansson, Thomas"]
[Black "Mladenovic, Stefan"]
[Result "0-1"]
[WhiteElo "2180"]
[BlackElo "2341"]
[Annotator "Natasa"]
[PlyCount "114"]
[EventDate "2015.07.03"]

1. d4 Nf6 2. Nf3 e6 3. c4 b6 4. g3 Ba6 5. Qc2 Bb4+ 6. Bd2 Be7 7. Bg2 d5 8. Ne5
O-O 9. O-O c6 10. cxd5 cxd5 11. Nc3 Nbd7 12. Nxd7 Nxd7 13. Rfe1 Nf6 14. a3 Qd7
15. Rad1 Rac8 16. f3 Rfd8 17. Be3 Rc4 18. Bf2 Rdc8 19. Qb3 b5 20. Na2 b4 21.
axb4 Rb8 22. Qa3 Rb6 23. b3 Bxb4 24. Nxb4 Rcxb4 25. Rb1 Qb7 26. Qa2 h6 27. Bf1
Bc4 28. Ra1 Ra6 29. Qd2 Rxb3 30. Rxa6 Qxa6 31. Rc1 Qa3 32. Rc2 Rb1 33. Be1 Qb3
34. Kf2 a5 35. Rc3 Qb4 36. Qc2 a4 37. Bd2 a3 38. Rxc4 Rxf1+ 39. Kxf1 Qxc4 40.
Qxc4 dxc4 41. e4 Ne8 42. d5 exd5 43. exd5 Nd6 44. Bc3 Nb5 45. Ba1 Kf8 46. Ke1
Ke7 47. Kd1 g6 48. Kc2 Kd6 49. Bg7 h5 50. h4 Kxd5 51. g4 Nd4+ 52. Kc3 Nxf3 53.
gxh5 gxh5 54. Bf8 a2 55. Kb2 Nxh4 56. Kxa2 Ke4 57. Kb2 Kd3 0-1

[Event "International Championship of Central Serbia 2015 - OPEN A"]
[Site "Paracin, hotel Petrus"]
[Date "2015.07.09"]
[Round "8.39"]
[White "Kuzmanovic, Slobodan"]
[Black "Vucinic, Gojko"]
[Result "0-1"]
[WhiteElo "2173"]
[BlackElo "2328"]
[PlyCount "136"]
[EventDate "2015.07.03"]

1. e4 c5 2. Nf3 d6 3. d4 cxd4 4. Nxd4 Nf6 5. Nc3 g6 6. Nd5 Bg7 7. Bb5+ Bd7 8.
O-O Nc6 9. Nxf6+ Bxf6 10. Bxc6 bxc6 11. Bh6 Qb6 12. Nf3 Qxb2 13. Rb1 Qxa2 14.
Qd3 Qa5 15. Rb7 Bc8 16. Rb3 Ba6 17. c4 Qh5 18. e5 dxe5 19. Qe4 Rc8 20. Rb8 Qxh6
21. Qxc6+ Kf8 22. Rxc8+ Bxc8 23. Qxc8+ Kg7 24. Qb7 Qf4 25. Re1 Qxc4 26. Qxa7 e4
27. Nd2 Qb4 28. Qe3 Bc3 29. Rb1 Bxd2 30. Rxb4 Bxe3 31. fxe3 f5 32. Rb6 Rd8 33.
Ra6 Rd6 34. Ra5 Kf6 35. Ra8 h6 36. h4 e5 37. Ra4 g5 38. hxg5+ hxg5 39. g4 f4
40. Rxe4 Rd3 41. Kf2 Rxe3 42. Ra4 Rg3 43. Ra6+ Kf7 44. Ra7+ Ke6 45. Ra6+ Kd5
46. Ra5+ Kd4 47. Ra4+ Kd3 48. Ra3+ Kd2 49. Ra2+ Kc3 50. Ra4 Rxg4 51. Re4 Rg3
52. Rxe5 Kd4 53. Ra5 Ke4 54. Rb5 Rf3+ 55. Kg2 g4 56. Rb4+ Kf5 57. Rb5+ Kf6 58.
Rb6+ Kg5 59. Rb5+ Kh4 60. Rb8 Rc3 61. Rh8+ Kg5 62. Rg8+ Kf5 63. Rf8+ Ke4 64.
Re8+ Kd3 65. Rd8+ Ke2 66. Ra8 f3+ 67. Kh2 f2 68. Ra2+ Kf3 0-1

[Event "International Championship of Central Serbia 2015 - OPEN A"]
[Site "Paracin, hotel Petrus"]
[Date "2015.07.09"]
[Round "8.40"]
[White "Martic, Zlatko"]
[Black "Tscharotschkin, Michael"]
[Result "1-0"]
[WhiteElo "2299"]
[BlackElo "2182"]
[PlyCount "63"]
[EventDate "2015.07.03"]

1. d4 d5 2. c4 Bf5 3. cxd5 Bxb1 4. Rxb1 Qxd5 5. e3 Nc6 6. Ne2 e5 7. Nc3 Bb4 8.
Bd2 Bxc3 9. bxc3 exd4 10. cxd4 Nf6 11. Rxb7 O-O 12. Qb3 Qd6 13. Bc4 Ne4 14. Qd3
Nxd2 15. Qxd2 Rad8 16. O-O a5 17. Bb5 Ne5 18. Qe2 Ng6 19. Rc1 Rc8 20. Rc6 Qa3
21. Qc4 Qb2 22. a4 h5 23. h3 Qb1+ 24. Qc1 Qe4 25. Qc2 Qd5 26. Bc4 Qxc6 27.
Bxf7+ Rxf7 28. Qxc6 Kh7 29. Rb5 Ne7 30. Rxh5+ Kg8 31. Qe6 Rcf8 32. Rxa5 1-0

[Event "International Championship of Central Serbia 2015 - OPEN A"]
[Site "Paracin, hotel Petrus"]
[Date "2015.07.09"]
[Round "8.41"]
[White "Cvetanovic, Uros"]
[Black "Arsic, Djordje"]
[Result "1/2-1/2"]
[WhiteElo "2264"]
[BlackElo "2153"]
[PlyCount "160"]
[EventDate "2015.07.03"]

1. Nf3 Nf6 2. g3 b6 3. Bg2 Bb7 4. O-O e6 5. c4 c5 6. d4 cxd4 7. Nxd4 Bxg2 8.
Kxg2 a6 9. Nc3 Qc7 10. Bg5 Be7 11. Rc1 O-O 12. e4 d6 13. Qe2 Nc6 14. Nf3 Qb7
15. Rfd1 Rfd8 16. a3 Rac8 17. h3 Na5 18. Bxf6 Bxf6 19. Nb1 Nb3 20. Rc2 Nc5 21.
Nbd2 b5 22. cxb5 axb5 23. b4 Na4 24. Rdc1 Rc3 25. Rxc3 Bxc3 26. Qd3 d5 27. Nb1
Bb2 28. Rc2 Qb8 29. Rd2 d4 30. e5 Qb7 31. Rc2 Qd5 32. Rc7 h6 33. Qd2 Qe4 34.
Rc2 Ba1 35. Qe2 Qxe2 36. Rxe2 Nc3 37. Re1 Bb2 38. Kf1 Kf8 39. Nfd2 d3 40. f4
Ne2 41. Kg2 g5 42. fxg5 hxg5 43. Nf3 Ke7 44. Rd1 Rd5 45. Kf2 f6 46. exf6+ Kxf6
47. Ke3 Bc1+ 48. Kf2 e5 49. Nfd2 Kf5 50. Ke3 Bxd2+ 51. Kxd2 Nxg3 52. Ke3 e4 53.
Nc3 Re5 54. Rg1 Nh5 55. Rf1+ Ke6 56. a4 Ng3 57. Rb1 Nf5+ 58. Kf2 bxa4 59. b5
Nd6 60. b6 Nc4 61. Ke1 Nxb6 62. Rxb6+ Kf5 63. Kf2 Ra5 64. Ke3 a3 65. Rb1 a2 66.
Ra1 Ra3 67. Kd2 Ke5 68. Rxa2 Rxa2+ 69. Nxa2 Kd4 70. Nb4 e3+ 71. Kd1 Kc4 72. Na2
Kb3 73. Nc1+ Kc3 74. Na2+ Kc4 75. Nc1 Kd4 76. Nb3+ Kc3 77. Nc1 d2 78. Ne2+ Kd3
79. Ng3 Kd4 80. Ke2 Ke5 1/2-1/2

[Event "International Championship of Central Serbia 2015 - OPEN A"]
[Site "Paracin, hotel Petrus"]
[Date "2015.07.09"]
[Round "8.42"]
[White "Naik, Rishubh Naresh"]
[Black "Persson, Andreas"]
[Result "1-0"]
[WhiteElo "2007"]
[BlackElo "2258"]
[PlyCount "57"]
[EventDate "2015.07.03"]

1. d4 Nf6 2. Nf3 c5 3. d5 b5 4. Bg5 Qb6 5. c3 d6 6. Bxf6 gxf6 7. e4 Rg8 8. Nbd2
Nd7 9. g3 f5 10. Bh3 Nf6 11. Bxf5 Bxf5 12. exf5 Qb7 13. a4 a6 14. Qe2 b4 15. c4
Bg7 16. O-O O-O-O 17. Ng5 Rgf8 18. Nxf7 Rd7 19. Ng5 Bh6 20. Ne6 Rg8 21. b3 Kb8
22. Ne4 Ng4 23. h3 Ne5 24. Qh5 Bg7 25. Rad1 Rdd8 26. Nxd8 Rxd8 27. Qxh7 Bh8 28.
f4 Nd7 29. Qxe7 1-0

[Event "International Championship of Central Serbia 2015 - OPEN A"]
[Site "Paracin, hotel Petrus"]
[Date "2015.07.09"]
[Round "8.43"]
[White "Breivik, Lars"]
[Black "Stojkovska, Monika"]
[Result "1-0"]
[WhiteElo "2247"]
[BlackElo "2061"]
[Annotator "Natasa"]
[PlyCount "105"]
[EventDate "2015.07.03"]

1. d4 e6 2. Nf3 c5 3. e3 Nf6 4. Bd3 b6 5. O-O Bb7 6. c4 Be7 7. Nc3 d5 8. cxd5
exd5 9. Bb5+ Bc6 10. Qa4 Qc8 11. Ne5 Bxb5 12. Qxb5+ Nbd7 13. dxc5 a6 14. Qc6
Qxc6 15. Nxc6 bxc5 16. Rd1 Nb6 17. a4 Bd6 18. b3 Kd7 19. Na5 Kc7 20. Ba3 Rac8
21. Rac1 Rhd8 22. Bxc5 Bxc5 23. b4 Nc4 24. Nxc4 dxc4 25. bxc5 Kc6 26. Rd4 Kxc5
27. Ne4+ Nxe4 28. Rdxc4+ Kb6 29. Rxc8 Rxc8 30. Rxc8 Nd6 31. Ra8 Kb7 32. Rh8 h6
33. g4 Kb6 34. Rg8 g6 35. Rh8 Ka5 36. Rd8 Nc4 37. Rd7 Kxa4 38. Rxf7 a5 39. Rf6
Ne5 40. Re6 Nc4 41. Rxg6 Kb5 42. Rxh6 a4 43. Rh7 a3 44. Rd7 Nb2 45. Rb7+ Kc4
46. Ra7 Kb3 47. Rxa3+ Kxa3 48. h4 Nc4 49. h5 Ne5 50. h6 Nf7 51. h7 Kb4 52. g5
Nh8 53. f4 1-0

[Event "International Championship of Central Serbia 2015 - OPEN A"]
[Site "Paracin, hotel Petrus"]
[Date "2015.07.09"]
[Round "8.44"]
[White "Vajic, Goran"]
[Black "Zlatanovic, Zoran"]
[Result "1-0"]
[WhiteElo "2372"]
[BlackElo "2123"]
[PlyCount "51"]
[EventDate "2015.07.03"]

1. e4 c5 2. Nf3 Nc6 3. d4 cxd4 4. Nxd4 d6 5. Nc3 Nf6 6. Be3 e5 7. Nb3 Be7 8. f3
Be6 9. Nd5 Bxd5 10. exd5 Nb8 11. Qd2 O-O 12. O-O-O a5 13. a4 Nfd7 14. Bb5 b6
15. Kb1 Nc5 16. Nc1 Nbd7 17. c3 Qc7 18. Ne2 Rfe8 19. g4 Rf8 20. Ng3 e4 21. f4
Qd8 22. Qc2 Nf6 23. Bxc5 bxc5 24. g5 Ng4 25. Qe2 f5 26. h3 1-0

[Event "International Championship of Central Serbia 2015 - OPEN A"]
[Site "Paracin, hotel Petrus"]
[Date "2015.07.09"]
[Round "8.45"]
[White "Dimitrijevic, Nenad"]
[Black "Aleksic, Neven"]
[Result "1/2-1/2"]
[WhiteElo "2216"]
[BlackElo "2068"]
[Annotator "Natasa"]
[PlyCount "60"]
[EventDate "2015.07.03"]

1. c4 Nf6 2. Nc3 e6 3. g3 d5 4. d4 Be7 5. Bg2 O-O 6. Nf3 dxc4 7. O-O Nc6 8. h3
Na5 9. Qc2 Nd5 10. e4 Nb4 11. Qe2 Nd3 12. Be3 Bd7 13. Ne1 c5 14. Nxd3 cxd3 15.
Qxd3 c4 16. Qe2 b5 17. e5 b4 18. Ne4 Bc6 19. Qh5 Kh8 20. f4 f5 21. exf6 Bxf6
22. Rf2 Bd5 23. Re1 Nc6 24. Nxf6 Rxf6 25. Bf1 Qb6 26. f5 exf5 27. g4 f4 28.
Qxd5 fxe3 29. Rxf6 gxf6 30. Rxe3 Qxd4 {unreadable} 1/2-1/2

[Event "International Championship of Central Serbia 2015 - OPEN A"]
[Site "Paracin, hotel Petrus"]
[Date "2015.07.09"]
[Round "8.46"]
[White "Persson, Richard"]
[Black "Vasova, Maria"]
[Result "0-1"]
[WhiteElo "2158"]
[BlackElo "2022"]
[PlyCount "144"]
[EventDate "2015.07.03"]

1. e4 c6 2. d4 d5 3. f3 dxe4 4. fxe4 e5 5. Nf3 exd4 6. Bc4 Bb4+ 7. c3 dxc3 8.
Bxf7+ Ke7 9. Qxd8+ Kxd8 10. Nxc3 Nf6 11. Bd2 Ke7 12. Bb3 Bg4 13. e5 Bxc3 14.
Bxc3 Nd5 15. Bd2 Bxf3 16. gxf3 Nd7 17. O-O-O a5 18. f4 Rhf8 19. Rdf1 Rf7 20. h4
a4 21. Bc2 Raf8 22. Bxa4 Nxf4 23. Kb1 Ne6 24. Re1 b5 25. Bc2 h6 26. h5 c5 27.
a3 Nb6 28. Bb3 Nc4 29. Bc3 Rf2 30. Bxc4 bxc4 31. a4 Nd4 32. e6 Rb8 33. Rhf1
Rxf1 34. Rxf1 Kxe6 35. Re1+ Kf6 36. Rg1 Rb7 37. Rg6+ Kf5 38. a5 Ra7 39. Rd6 Ke5
40. Rd8 Ke4 41. Re8+ Kd3 42. Rd8 Ke4 43. Rd6 Nb5 44. Re6+ Kd5 45. Rg6 Nxc3+ 46.
bxc3 Rxa5 47. Rxg7 Ra6 48. Kb2 Rf6 49. Rh7 Ke4 50. Re7+ Kf4 51. Ka3 Rf5 52. Ka4
Rxh5 53. Kb5 Re5 54. Rf7+ Rf5 55. Rh7 h5 56. Kxc4 Kg4 57. Kd3 h4 58. Ke2 c4 59.
Rc7 Rf4 60. Rg7+ Kh3 61. Ke3 Rg4 62. Rf7 Kh2 63. Rf2+ Kg1 64. Ra2 h3 65. Kf3
Rg2 66. Ra1+ Kh2 67. Ra4 Rg3+ 68. Kf2 Rxc3 69. Ra2 Rc1 70. Rb2 c3 71. Ra2 c2
72. Rb2 Rg1 0-1

[Event "International Championship of Central Serbia 2015 - OPEN A"]
[Site "Paracin, hotel Petrus"]
[Date "2015.07.09"]
[Round "8.47"]
[White "Dimitrijevic, Dusan"]
[Black "Verendel, Jan"]
[Result "1-0"]
[WhiteElo "2115"]
[BlackElo "1964"]
[PlyCount "55"]
[EventDate "2015.07.03"]

1. d4 Nf6 2. c4 c5 3. Nf3 cxd4 4. Nxd4 a6 5. Nc3 e6 6. e4 Qc7 7. Be2 Bb4 8. f3
Bd6 9. g3 Bc5 10. Be3 d6 11. a3 Nbd7 12. b4 Ba7 13. f4 b6 14. Qd3 Bb7 15. g4 g5
16. Rf1 O-O-O 17. Ndb5 axb5 18. Nxb5 Bxe4 19. Qd4 e5 20. Nxd6+ Kb8 21. fxe5 Bg2
22. Rf2 Nxg4 23. Bxg4 Nxe5 24. Qxe5 Rxd6 25. Qxh8+ Rd8 26. Qc3 Qxh2 27. Qf6 Rd3
28. Qh8+ 1-0

[Event "International Championship of Central Serbia 2015 - OPEN A"]
[Site "Paracin, hotel Petrus"]
[Date "2015.07.09"]
[Round "8.48"]
[White "Sahin, Ozgun"]
[Black "Nikolovski, Nikola"]
[Result "1/2-1/2"]
[WhiteElo "2106"]
[BlackElo "2293"]
[Annotator "Natasa"]
[PlyCount "84"]
[EventDate "2015.07.03"]

1. e4 d5 2. exd5 Nf6 3. Nf3 Nxd5 4. d4 Bg4 5. Be2 Nc6 6. O-O e6 7. Nc3 Be7 8.
Nxd5 exd5 9. Bf4 O-O 10. c3 Re8 11. Re1 Bf8 12. Ne5 Nxe5 13. Bxg4 Nxg4 14. Qxg4
c6 15. h4 Qc8 16. Qxc8 Raxc8 17. Kf1 h5 18. f3 f6 19. Rxe8 Rxe8 20. Re1 Rxe1+
21. Kxe1 Kf7 22. g4 g6 23. Ke2 Ke6 24. Kd3 Kd7 25. Bg3 Bh6 26. a4 b6 27. b4 a6
28. Bb8 Bc1 29. Bg3 Bh6 30. Bb8 Bf8 31. Bf4 Be7 32. Bg3 Bd8 33. Bh2 Ke6 34. Bg3
Kf7 35. Ke3 Kg7 36. Bd6 Kf7 37. Bg3 Ke6 38. Kd3 Ke7 39. Ke3 Kf8 40. Bd6+ Kf7
41. Bg3 Ke8 42. Bd6 Kd7 {unreadable} 1/2-1/2